Kvalita a jej legislatívna podpora

Kvalita výrobku a legislatívne opatrenia. Definícia kvality podľa normy STN EN ISO 9001:2001. Technické požiadavky na výrobky. Bezpečnosť výrobku. Národný program kvality.

Gespeichert in:
Bibliographische Detailangaben
1. Verfasser: Šalgovičová, Jarmila
Weitere Verfasser: Bílý, Matej
Format: Buchkapitel
Sprache:Slowakisch
Schlagworte:
Tags: Tag hinzufügen
Keine Tags, Fügen Sie das erste Tag hinzu!

MARC

LEADER 00000naa$a2200000$$$4500
001 0003768
005 20231002070513.1
041 0 |a slo 
044 |a SK 
245 1 0 |a Kvalita a jej legislatívna podpora  |c aut. Jarmila Šalgovičová 
520 |a Kvalita výrobku a legislatívne opatrenia. Definícia kvality podľa normy STN EN ISO 9001:2001. Technické požiadavky na výrobky. Bezpečnosť výrobku. Národný program kvality. 
610 2 0 |a legislatíva 
610 2 0 |a kvalita 
610 2 0 |a systém riadenia kvality 
610 2 0 |a normy kvality 
610 2 0 |a požiadavky na výrobky 
610 2 0 |a bezpečnosť výrobkov 
100 1 |a Šalgovičová, Jarmila 
700 1 |a Bílý, Matej